| 000 | 01635nam a2200205 i 4500 | ||
|---|---|---|---|
| 001 | 167789 | ||
| 003 | ES-MaACL | ||
| 005 | 20250716063330.0 | ||
| 008 | 050928s1824 fr | |||||||| ||fre d | ||
| 040 |
_aCAM _bspa _cCAM |
||
| 100 | 0 |
_aVoltaire, _d1694-1778 _9115721 |
|
| 245 | 1 | 0 |
_aRomans / _cde Voltaire. |
| 260 |
_aParis : _bP. Dupont, libraire-éditeur, _c1824 ( _fImprimerie de Gaultier-Laguionie) |
||
| 300 |
_a2 v. (456 ; 504 p.) ; _c21 cm. |
||
| 490 | 1 |
_aOeuvres complétes de Voltaire ; _v43 ; 44 |
|
| 505 | 8 | _aT. I. Zadig ou La destinée: p. 1-106 ; Le monde comme il va: p. 107-132 ; Memnon ou Le sagesse humaine: p. 133-142 ; Les deux consolés: p. 143-144 ; Histoire des voyages de Scarmentado: p. 146-156 ; Micromégas: p. 157-186 ; Histoire d'un bon Bramin: p. 187-190 ; Le blanc et le noir: p. 191-208 ; Jeannot et Colin: p.209-224 ; Candide ou L'optimisme: p. 225-356 ; L'Ingénu: p. 357-452 -- T. II. L'Homme aux quarante écus: p. 1-98 ; La Princesse de Babylone: p. 99-200 ; Les lettres d'Amabed: p. 201-272 ; Histoire de Jenni ou L'Athée et le sage: p. 273-362 ; Les oreilles du Comte de Chesterfield et le Chapelain Goudman: p.363-392 ; Le taureau blanc: p. 393-442 ; Le crocheteur borgne: p. 443-454 ; Cosi-Sancta: p. 455-465 ; Songe de Platon: p. 466-471 ; Barabec et les fakirs: p. 472-475 ; Aventure de la mémoire: p. 476-481 ; Les aveugles juges des couleurs: p. 482-483 ; Aventure indienne: p. 484-486 ; Eloge historique de la raison: p. 487-500 | |
| 830 | 0 |
_aOeuvres complétes de Voltaire ; _v43 ; 44 _9188721 |
|
| 852 |
_aES-MaACL _jF-7563-7564 _z-- Enc. hol. |
||
| 999 |
_c167789 _d167789 |
||